000 00736nam a22002417i 4500
999 _c22796
_d22796
003 AR-CdUCM
008 240314b20182018pe ||||| |||| 00| 0 spa d
020 _a978-612-47469-6-3
040 _aMUNICIPALIDAD PROVINCIAL DEL CUSCO
_cBIBLIOTECA MUNICIPAL DEL CUSCO
041 _hspa
082 _a869.34 / P66H
_bP66H
100 _aPlaza, Eduardo
_949484
245 _aHienas /
260 _aLima :
_bCroc Blanc Editorial S.A.C.,
_c2018
300 _a92 páginas. :
_c21 cm.
505 _aHienas -- Mariposa -- Federico cree ser emperador -- A ti nadie te obliga
650 _aHiena
_949485
650 _aTeresa
_949486
650 _aMariposa
_949487
650 _aAnimales
_949488
942 _2ddc
_cLIBROS
945 _apbj
_d14-03-2024